A geologic reconnaissance of a part of the Rampart quadrangle, Alaska, (Record no. 25273)

MARC details
000 -LEADER
fixed length control field 00803cam a22002291 4500
001 - CONTROL NUMBER
control field gs 13000481
003 - CONTROL NUMBER IDENTIFIER
control field DLC
005 - DATE AND TIME OF LATEST TRANSACTION
control field 20260227111314.0
008 - FIXED-LENGTH DATA ELEMENTS--GENERAL INFORMATION
fixed length control field 780828s1913 dcubf b f000 0 eng c
010 ## - LIBRARY OF CONGRESS CONTROL NUMBER
LC control number gs 13000481
035 ## - SYSTEM CONTROL NUMBER
System control number (OCoLC)4171382
040 ## - CATALOGING SOURCE
Original cataloging agency U.S. Geol. Survey. Libr.
Transcribing agency TxU
Modifying agency TxU
-- DLC
042 ## - AUTHENTICATION CODE
Authentication code premarc
050 00 - LIBRARY OF CONGRESS CALL NUMBER
Classification number QE75
Item number .B9 no. 535
100 1# - MAIN ENTRY--PERSONAL NAME
Personal name Eakin, Henry M.
Fuller form of name (Henry Miner),
Dates associated with a name 1883-1936.
245 12 - TITLE STATEMENT
Title A geologic reconnaissance of a part of the Rampart quadrangle, Alaska,
Statement of responsibility, etc. by Henry M. Eakin.
260 ## - PUBLICATION, DISTRIBUTION, ETC.
Place of publication, distribution, etc. Washington,
Name of publisher, distributor, etc. Govt. Print. Off.,
Date of publication, distribution, etc. 1913.
300 ## - PHYSICAL DESCRIPTION
Extent 38, viii p.
Other physical details plates, fold. maps (2 in pocket)
Dimensions 24 cm.
410 20 - SERIES STATEMENT/ADDED ENTRY--CORPORATE NAME [OBSOLETE, CAN/MARC], [LOCAL, USA]
Corporate name or jurisdiction name as entry element Geological Survey (U.S.).
Title of a work Bulletin
Volume number/sequential designation 535
504 ## - BIBLIOGRAPHY, ETC. NOTE
Bibliography, etc. note "Recent survey of publications on Alaska": p.i-viii.
650 #0 - SUBJECT ADDED ENTRY--TOPICAL TERM
Topical term or geographic name entry element Geology
Geographic subdivision Alaska.

No items available.

Powered by Koha